| 000 | 00649cam a22002293a 4500 | ||
|---|---|---|---|
| 001 | 32585 | ||
| 003 | PGUSA | ||
| 005 | 20140828083715.0 | ||
| 008 | 100529s2010||||xxu|||||s|||||000 | eng d | ||
| 040 |
_aPGUSA _beng |
||
| 042 | _adc | ||
| 050 | 4 | _aAZ | |
| 100 | 1 |
_aRomagnoli, Ettore, _d1871-1938 |
|
| 245 | 1 | 0 |
_aMinerva e lo scimmione _h[electronic resource] / _cEttore Romagnoli |
| 260 |
_bProject Gutenberg, _c2010 |
||
| 506 | _aPublic domain in the USA. | ||
| 516 | _aElectronic text | ||
| 653 | _aLearning and scholarship -- Germany | ||
| 830 | 0 |
_aProject Gutenberg _v32585 |
|
| 856 | 4 | 0 | _uhttp://www.gutenberg.org/ebooks/32585 |
| 942 | _cEB | ||
| 999 |
_c261840 _d261840 |
||